| 000 | 00377nam a2200157Ia 4500 | ||
|---|---|---|---|
| 008 | 210210b2002 xxu||||| |||| 00| 0 eng d | ||
| 020 | _a81 225 0246 6 | ||
| 082 | _a561 SIDE | ||
| 100 | _aSIDDIQUI (K A). | ||
| 245 | _aElements of paleobotany. | ||
| 260 |
_aNew Delhi. _bKitab mahal _c2002 |
||
| 300 | _a154 | ||
| 650 | _afossil | ||
| 690 | _aPaleobotany | ||
| 906 | _a057482 | ||
| 999 |
_c105061 _d105061 |
||